Centrá zdieľaných služieb - čo ste o nich (možno) ešte nepočuli

Centrum zdieľaných služieb (SSC- Shared Service Centrum) je špecializovaná pobočka firmy, ktorá preberá a vykonáva vedľajšie prevádzkové činnosti s cieľom vyššej efektivity a nižších nákladov.

Enregistré dans:
Détails bibliographiques
Auteur principal: Andrišin, Peter
Format: Chapitre de livre
Langue:slovaque
Sujets:
Tags: Ajouter un tag
Pas de tags, Soyez le premier à ajouter un tag!

MARC

LEADER 00000naa a2200000 4500
001 0198488
005 20230912114624.1
041 0 |a slo 
044 |a SK 
245 1 0 |a Centrá zdieľaných služieb - čo ste o nich (možno) ešte nepočuli  |c Peter Andrišin 
520 |a Centrum zdieľaných služieb (SSC- Shared Service Centrum) je špecializovaná pobočka firmy, ktorá preberá a vykonáva vedľajšie prevádzkové činnosti s cieľom vyššej efektivity a nižších nákladov. 
610 2 0 |a služby 
610 2 0 |a integrácia 
610 2 0 |a služby administratívne 
610 2 0 |a služby informačné 
610 2 0 |a kvalita služieb 
610 2 0 |a technológie informačné 
610 2 0 |a technológie komunikačné 
100 1 |a Andrišin, Peter